Top 10 Greatest shooters of all-time - Statistics

General Stats
  • This quiz has been taken 26 times
  • The average score is 6 of 10
Answer Stats
Hint Answer % Correct
34/20 Ray Allen
86%
11 Klay Thompson
82%
31 Reggie Miller
82%
0 Damian Lillard
77%
33 Larry Bird
77%
7/35 Kevin Durant
68%
30 Steph Curry
64%
41 Dirk Nowitzki
55%
11 Kyrie Irving
27%
13 Steve Nash
27%
No matching quizzes found
Score Distribution
Percent of People with Each Score
Percentile by Number Answered
Your Score History
You have not taken this quiz